
Library Catalogue

| 000 -LEADER | |
|---|---|
| fixed length control field | 02849cam a22003135i 4500 |
| 001 - CONTROL NUMBER | |
| control field | 19763018 |
| 003 - CONTROL NUMBER IDENTIFIER | |
| control field | OSt |
| 005 - DATE AND TIME OF LATEST TRANSACTION | |
| control field | 20260217071520.0 |
| 008 - FIXED-LENGTH DATA ELEMENTS--GENERAL INFORMATION | |
| fixed length control field | 170628t20172017enka b 001 0 eng |
| 010 ## - LIBRARY OF CONGRESS CONTROL NUMBER | |
| LC control number | 2017947254 |
| 020 ## - INTERNATIONAL STANDARD BOOK NUMBER | |
| International Standard Book Number | 1786439026 |
| 020 ## - INTERNATIONAL STANDARD BOOK NUMBER | |
| International Standard Book Number | 9781786439024 |
| 040 ## - CATALOGING SOURCE | |
| Original cataloging agency | DLC |
| Transcribing agency | DLC |
| 042 ## - AUTHENTICATION CODE | |
| Authentication code | pcc |
| 043 ## - GEOGRAPHIC AREA CODE | |
| Geographic area code | e------ |
| 082 ## - DEWEY DECIMAL CLASSIFICATION NUMBER | |
| Classification number | 338.9 FLO |
| 245 04 - TITLE STATEMENT | |
| Title | The reform of network industries : |
| Remainder of title | evaluating privatisation, regulation and liberalisation in the EU / |
| Statement of responsibility, etc. | edited by Massimo Florio |
| 264 #1 - PRODUCTION, PUBLICATION, DISTRIBUTION, MANUFACTURE, AND COPYRIGHT NOTICE | |
| Place of production, publication, distribution, manufacture | Cheltenham : |
| Name of producer, publisher, distributor, manufacturer | Edward Elgar Publishing, |
| Date of production, publication, distribution, manufacture, or copyright notice | 2017. |
| 300 ## - PHYSICAL DESCRIPTION | |
| Extent | xx, 242 p. : |
| Other physical details | ill. ; |
| Dimensions | 25 cm |
| 505 ## - Contents | |
| Contents | PART I: Cross-Cutting Policy Issues<br/>1. The empirical evaluation of regulatory policy reforms in network industries: some methodological issues<br/>Massimo Florio <br/><br/>2. Public and private enterprises, costs and welfare performance: an overview with suggestions for further research<br/>Johan Willner and Sonja Grönblom<br/><br/>3. Market reforms, governance and performance: lessons learned from the experience in the EU energy industries <br/>Steve Thomas and Stefano Clò <br/><br/>4. Market structure and state involvement: passenger railways in Europe<br/>Torben Holvad <br/><br/>5. Ownership and Firm Performance: Empirical Evidence from the European Telecommunications Industry (2006-14)<br/>Paolo Castelnovo<br/><br/>6. National public missions, diversity of operators and competition: Postal services in the European Union<br/>Philippe Bance<br/><br/>PART II: Empirical Evaluations<br/>7. Does Public Ownership provide affordable and reliable electricity to household customers? Case studies of electricity sector reforms in the UK, France, Germany and Italy<br/>Ajla Cosic, Lea Diestelmeier, Alexandru Maxim, Tue Anh Nguyen and Nicolò Rossetto <br/><br/>8. Telecommunications policies in Europe: past, present, future and impact on citizens<br/>Serena Marianna Drufuca, Regina Maria Hirsch, Manto Lampropoulou and Rogelio Pesqueira Sánchez<br/><br/>9. The changing nature of railways in Europe: empirical evidence on prices, investments and quality<br/>Giovanni Esposito, Julia Doleschel, Tobias Kaloud and Jadwiga Urban-Kozlowska<br/><br/>10. Local Public Transport Services: the efficiency of public enterprises competing with the private sector in the EU member States<br/>Annalisa Negrelli, Anastasia Roukouni and Angélique Chassy<br/>11. The European gas sector: political-economy implications of the transition from state-owned to mixed-owned enterprises<br/>Roberto Cardinale |
| 650 #0 - SUBJECT ADDED ENTRY--TOPICAL TERM | |
| Topical term or geographic name entry element | Public utilities |
| General subdivision | Government policy |
| Geographic subdivision | European Union countries. |
| 650 #0 - SUBJECT ADDED ENTRY--TOPICAL TERM | |
| Topical term or geographic name entry element | Infrastructure (Economics) |
| General subdivision | Government policy |
| Geographic subdivision | European Union countries. |
| 650 #0 - SUBJECT ADDED ENTRY--TOPICAL TERM | |
| Topical term or geographic name entry element | Privatization |
| Geographic subdivision | European Union countries. |
| 700 1# - ADDED ENTRY--PERSONAL NAME | |
| Personal name | Florio, Massimo |
| 906 ## - LOCAL DATA ELEMENT F, LDF (RLIN) | |
| a | 0 |
| b | ibc |
| c | origres |
| d | 2 |
| e | ncip |
| f | 20 |
| g | y-gencatlg |
| 942 ## - ADDED ENTRY ELEMENTS (KOHA) | |
| Source of classification or shelving scheme | Dewey Decimal Classification |
| Koha item type | BOOKs |
| Withdrawn status | Lost status | Source of classification or shelving scheme | Materials specified (bound volume or other part) | Damaged status | Not for loan | Collection code | Home library | Current library | Shelving location | Date acquired | Source of acquisition | Cost, normal purchase price | Total Checkouts | Full call number | Barcode | Date last seen | Price effective from | Koha item type |
|---|---|---|---|---|---|---|---|---|---|---|---|---|---|---|---|---|---|---|
| Dewey Decimal Classification | HB | Reference | NLS | NLS | NAB Compactor | 07/03/2018 | Purchased | 8088.00 | 338.9 FLO | 35956 | 07/03/2019 | 07/03/2019 | BOOKs |